|
|
|
|
| LEADER |
01381nam a2200349 4500 |
| 001 |
36892 |
| 003 |
BD-DhAAL |
| 005 |
20211129100547.0 |
| 008 |
200112t2017 enkad||| |||| 001 0 eng d |
| 999 |
|
|
|c 41561
|d 41561
|
| 020 |
|
|
|a 9781292151038
|
| 020 |
|
|
|a 10129215103X
|
| 040 |
|
|
|a BD-DhAAL
|
| 082 |
|
|
|a 368
|2 23
|
| 100 |
|
|
|a Rejda, George E.
|9 38901
|
| 245 |
|
|
|a Principles of risk management and insurance /
|c George E. Rejda, Michael J. McNamara
|
| 250 |
|
|
|a Thirteenth Edition
|
| 260 |
|
|
|a London :
|b Pearson Education,
|c c2017.
|
| 300 |
|
|
|a 720 pages :
|b illustrations ;
|c 30 cm.
|
| 490 |
|
|
|a The Pearson Series in Finance
|
| 504 |
|
|
|a Includes bibliographical references and index
|
| 526 |
|
|
|a BBS
|
| 541 |
|
|
|a Trim Education
|e 36892, 36893
|
| 650 |
|
|
|a Insurance.
|9 38902
|
| 650 |
|
|
|a Risk (Insurance).
|9 38903
|
| 650 |
|
|
|a Risk management.
|9 38904
|
| 650 |
|
|
|a Business & finance
|9 43252
|
| 700 |
|
|
|4 McNamara, Michael J.
|
| 852 |
|
|
|a Ayesha Abed Library
|c General Stacks
|
| 942 |
|
|
|2 ddc
|c BK
|
| 952 |
|
|
|0 0
|1 0
|2 ddc
|4 0
|6 368_000000000000000_REJ
|7 0
|9 67660
|a BRACUL
|b BRACUL
|c GEN
|d 2020-01-02
|e Trim Education
|g 4500.00
|l 0
|o 368 REJ
|p 3010036893
|r 2020-01-02
|t 2
|v 4500.00
|w 2020-01-02
|y BK
|
| 952 |
|
|
|0 0
|1 0
|2 ddc
|4 0
|6 368_000000000000000_REJ
|7 0
|9 67661
|a BRACUL
|b BRACUL
|c GEN
|d 2020-01-02
|e Trim Education
|g 4500.00
|l 0
|o 368 REJ
|p 3010036892
|r 2020-01-02
|t 1
|v 4500.00
|w 2020-01-02
|y BK
|